000 01080nam a22001697a 4500
999 _c26854
_d26854
003 BDDh-ASL
005 20231015030707.0
008 211020s1978 b ||||| |||| 00| 0 u d
040 _aBDDh-ASL
_cBDDh-ASL
082 _a297.4
_bAHA
100 1 _95215
_aAhmadullah, Shah
245 1 0 _aAyatul Lil Muqineen : / ايات للموقنين
260 _aDacca :
_bShah Ahmadullah ,
_c1978.
300 _a49 p. :
_c22 cm.
650 0 _aSufism, ˈso͞ofˌizəm, সুফিবাদ, Suphibāda, রহস্যবাদ, obscurantism, সুফি-পীর-দরবেশ, Suphi-pīra-darabēśa, Sufi-pir-dervish, পীর-দরবেশ, Pīra-darabēśa, Peer-Darbesh, ওলী-আউলিয়ার, Ōlī-ā'uliẏāra, Oli-Auliar, yogi, ˈyōɡē, যোগী, Yōgī, সন্ন্যাসী, Sann'yāsī, monastic, ভিক্ষু, ধর্মার্থ মঠবাসী ব্যক্তি, recluse, monk, নির্জনবাসী ব্যক্তি, saint, sānt, সাধু, Sādhu, সন্ত, patron saint
_92764
942 _2ddc
_cBK